Things that are Australian - Statistics

General Stats
  • This quiz has been taken 60 times
  • The average score is 11 of 15
Answer Stats
Picture Answer % Correct
Kangaroo
100%
Koala
96%
Sydney Opera House
92%
Vegemite
88%
Eucalyptus
86%
Uluru
82%
Wombat
80%
Didgeridoo
73%
Great Barrier Reef
73%
Platypus
65%
Tim Tam
65%
Pavlova
63%
Fairy Bread
59%
Melbourne Cup
45%
Acacia
2%
No matching quizzes found
Score Distribution
Percent of People with Each Score
Percentile by Number Answered
Your Score History
You have not taken this quiz